| Tag |
First Indicator |
Second Indicator |
Subfields |
| LEADER |
00000pam a22000005a 4500 |
| 001 |
in00001547310 |
| 005 |
20151022055839.0 |
| 008 |
000515s1999 enk 001 0 eng d |
| 015 |
|
|
|a GBA0-34433
|
| 020 |
|
|
|a 1862270511
|
| 035 |
|
|
|a (OCoLC)ocm44058416
|
| 040 |
|
|
|a UKM
|c UKM
|d UtOrBLW
|
| 049 |
|
|
|a TXAM
|
| 090 |
|
|
|a D757.85
|b .R484 1999
|
| 100 |
1 |
|
|a Reynolds, Michael Frank,
|d 1930-
|
| 245 |
1 |
0 |
|a Men of steel :
|b I SS Panzer Corps in the Ardennes and Eastern Front 1944-45 /
|c by Michael Reynolds.
|
| 264 |
|
1 |
|a Staplehurst :
|b Spellmount,
|c 1999.
|
| 300 |
|
|
|a xiv, 322 pages, 32 unnumbered pages, [ 16] pages of plates :
|b illustrations, maps ;
|c 24 cm.
|
| 336 |
|
|
|a text
|b txt
|2 rdacontent
|
| 337 |
|
|
|a unmediated
|b n
|2 rdamedia
|
| 338 |
|
|
|a volume
|b nc
|2 rdacarrier
|
| 504 |
|
|
|a Includes index.
|
| 504 |
|
|
|a Bibliography: pages 302-305.
|
| 610 |
2 |
4 |
|a Germany.
|b Heer.
|b Panzerdivision, 1.
|
| 650 |
|
0 |
|a World War, 1939-1945
|x Campaigns.
|
| 948 |
|
|
|a cataloged
|b h
|c 2000/8/23
|d c
|e eneff
|f 2:37:55 pm
|
| 994 |
|
|
|a E0
|b TXA
|
| 999 |
|
|
|a MARS
|
| 999 |
f |
f |
|s 70b12995-1220-374b-88f7-a1e3fd1d7257
|i b9642f7f-b647-32bf-a416-a131e63c62de
|t 0
|
| 952 |
f |
f |
|p ric
|a Texas A&M University
|b Rellis Campus
|c Joint Library Facility
|d Remote Storage
|t 0
|e D757.85 .R484 1999
|h Library of Congress classification
|i unmediated -- volume
|m A14826588382
|
| 998 |
f |
f |
|a D757.85 .R484 1999
|t 0
|l Remote Storage
|